|
|
|
|
| LEADER |
00000nab a2200000 ar4500 |
| 001 |
vtls008839834 |
| 003 |
SK-MaSNL |
| 005 |
20260304221936.0 |
| 008 |
060817c1996 xo |r|p|||||||000 b|slo |
| 015 |
|
|
|a SNBRB2006/08
|
| 038 |
|
|
|a SNKBUCL
|
| 040 |
|
|
|a SNKBUCL
|b slo
|c SNKBUCL
|e AACR2
|
| 041 |
0 |
|
|a slo
|
| 044 |
|
|
|a xo
|c SK
|
| 080 |
|
|
|a 76.071.1(=162.4)(439):061.4
|2 2001
|
| 080 |
|
|
|a 316.022.4(=162.4)(439)
|2 2001
|
| 080 |
|
|
|a 323.113(=162.4)(439)
|2 2001
|
| 080 |
|
|
|a 75.071.1(=162.4)(439)
|2 2001
|
| 080 |
|
|
|a 821.162.4(439)
|2 2001
|
| 100 |
1 |
|
|a Kormoš, Alexander,
|d 1941-
|4 aut
|9 190179
|
| 245 |
1 |
0 |
|a "Zrodení v tom istom hniezde letíme k tej istej hviezde"
|b grafická výstava Jána Muštu a ním ilustrovaných publikácií slovenských spiosvateľov žijúcich v Maďarsku
|c Alexander Kormoš
|
| 600 |
1 |
7 |
|a Mušto, Ján,
|d 1934-2012
|2 snkbucl
|9 63002
|
| 650 |
0 |
7 |
|a grafika
|2 snkbucl
|9 814
|
| 650 |
0 |
7 |
|a ilustrácie
|2 snkbucl
|9 2743
|
| 650 |
0 |
7 |
|a slovenská literatúra
|z Maďarsko
|2 snkbucl
|9 1035553
|
| 650 |
0 |
7 |
|a výstavy
|2 snkbucl
|9 2780
|
| 650 |
0 |
7 |
|a Slováci v zahraničí
|2 snkbucl
|9 14695
|
| 651 |
|
7 |
|a Maďarsko
|2 snkbucl
|9 16754
|
| 773 |
0 |
|
|t Slovenské zahraničie
|g Roč. 1, č. 4 (1996), s. 13
|x 1335-4396
|
| 852 |
|
|
|a SNK
|b KIS3GCP
|
| 958 |
|
|
|a SK
|
| 999 |
|
|
|c 3160521
|d 3162451
|